LIBRARY ONLINE CATALOGUE

Probability and statistics. (Record no. 8507)

MARC details
000 -LEADER
fixed length control field 00522cam a22002292 4500
001 - CONTROL NUMBER
control field 0000013268
005 - DATE AND TIME OF LATEST TRANSACTION
control field 20151217152125.0
008 - FIXED-LENGTH DATA ELEMENTS--GENERAL INFORMATION
fixed length control field 090723s xx 000 0 eng d
020 ## - INTERNATIONAL STANDARD BOOK NUMBER
Terms of availability KES
040 ## - CATALOGING SOURCE
Original cataloging agency KABU
Transcribing agency KABU
050 #0 - LIBRARY OF CONGRESS CALL NUMBER
Item number .
100 1# - MAIN ENTRY--PERSONAL NAME
Personal name Owili, Poti Abaja.
-- 0000170423
245 10 - TITLE STATEMENT
Title Probability and statistics.
250 ## - EDITION STATEMENT
Edition statement ed.
260 ## - PUBLICATION, DISTRIBUTION, ETC. (IMPRINT)
Date of publication, distribution, etc. .
300 ## - PHYSICAL DESCRIPTION
Extent 88 p.
500 ## - GENERAL NOTE
General note Class handout.
908 ## - PUT COMMAND PARAMETER (RLIN)
Put command parameter 090723
950 ## - LOCAL HOLDINGS (RLIN)
-- 1
Holdings
Withdrawn status Lost status Source of classification or shelving scheme Not for loan Home library Current library Date acquired Total Checkouts Barcode Date last seen Price effective from Koha item type
    Library of Congress Classification   Kabarak, Main Campus Kabarak, Main Campus 17/12/2015   OWILI1 17/12/2015 17/12/2015 General Collection
    Library of Congress Classification   Kabarak, Main Campus Kabarak, Main Campus 17/12/2015   OWILI2 17/12/2015 17/12/2015 General Collection